La caja de Pandora (Record no. 162920)
[ view plain ]
| 000 -LEADER | |
|---|---|
| campo de control de longitud fija | 00652nam a22001695i 4500 |
| 001 - NÚMERO DE CONTROL | |
| campo de control | 162920 |
| 003 - IDENTIFICADOR DE NÚMERO DE CONTROL | |
| campo de control | ES-MaACL |
| 005 - FECHA Y HORA DE LA ÚLTIMA TRANSACCIÓN | |
| campo de control | 20251014063234.0 |
| 008 - DATOS DE LONGITUD FIJA--INFORMACIÓN GENERAL | |
| campo de control de longitud fija | 010321s1865 sp |||| | spa d |
| 040 ## - FUENTE DE CATALOGACIÓN | |
| Centro catalogador/agencia de origen | CCPB | B |
| Lengua de catalogación | spa |
| Centro/agencia transcriptor | CCPB | B |
| 100 1# - ENTRADA PRINCIPAL--NOMBRE DE PERSONA | |
| Nombre de persona | Ramírez, Javier de, |
| Fechas asociadas al nombre | m.1870 |
| 9 (RLIN) | 139856 |
| 245 13 - MENCIÓN DEL TÍTULO | |
| Título | La caja de Pandora |
| Resto del título | : estudios filosóficos, político-satíricos, literarios, artísticos, de costumbres y de viajes / |
| Mención de responsabilidad, etc. | originales de J. de Ramírez. |
| 260 ## - PUBLICACIÓN, DISTRIBUCIÓN, ETC. | |
| Lugar de publicación, distribución, etc. | Madrid : |
| Nombre del editor, distribuidor, etc. | librería de Don Leocadio López, |
| Fecha de publicación, distribución, etc. | 1865. |
| 300 ## - DESCRIPCIÓN FÍSICA | |
| Extensión | VII, 323 p. ; |
| Dimensiones | 18 cm. |
| 852 ## - LOCALIZACIÓN | |
| Ubicación | ES-MaACL |
| Número de control de estantería | D-3563 |
| Nota libre | .- Legado M. de la Fuente |
| Estatus retirado | Estado de pérdida | Estado de daño | No para préstamo | Colección | Biblioteca de origen | Biblioteca actual | Ubicación en estantería | Fecha de adquisición | Fuente de adquisición | Total de préstamos | Signatura topográfica completa | Código de barras | Visto por última vez | Precio de reemplazo | Tipo de ítem Koha |
|---|---|---|---|---|---|---|---|---|---|---|---|---|---|---|---|
| Libros del s. XIX | Biblioteca del Ateneo de Madrid | Biblioteca del Ateneo de Madrid | Sala Valle Inclán | 17/01/2008 | D-3563 | 901170700 | 23/02/2023 | 23/02/2023 | Libro impreso antiguo |
